000
00402nam a2200133Ia 4500
008
151001s9999||||xx |||||||||||||| ||und||
100
_a
स्वेट मॉर्डेन
245
_a
आपकी उन्नती के सूत्र
250
_a
1
260
_b
संदर्भ प्रकाशन सांगली
260
_c
2007
300
_a
152
365
_b
21
999
_c
990511
_d
990508